Countries with the Most Olympic Medals in Cycling - Statistics

General Stats
  • This quiz has been taken 163 times
  • The average score is 16 of 20
Answer Stats
G S B Medals Country % Correct
40 39 31 110 Great Britain
98%
20 24 22 66 United States
98%
44 30 29 103 France
97%
19 22 22 63 Germany
incl. West Germany
96%
36 18 13 67 Italy
95%
26 25 17 68 Netherlands
94%
5 5 6 16 Spain
94%
9 9 14 32 Belgium
92%
5 5 9 19 Russia
92%
2 5 9 16 Canada
88%
18 21 23 62 Australia
86%
11 4 9 24 Soviet Union
incl. Unified Team
82%
3 3 3 9 China
81%
4 5 9 18 Sweden
78%
3 7 5 15 New Zealand
75%
8 11 11 30 Denmark
73%
6 11 9 26 Switzerland
70%
6 6 4 16 East Germany
68%
2 2 4 8 Colombia
42%
2 2 2 6 Czechoslovakia
35%
No matching quizzes found
Score Distribution
Percent of People with Each Score
Percentile by Number Answered
Your Score History
You have not taken this quiz